| 000 | 00925nac a22002651u 4500 | ||
|---|---|---|---|
| 010 | _a 96051043 | ||
| 020 | _a0878147098 | ||
| 082 | 0 | 0 |
_a332.64/42285 _bSt971 |
| 090 |
_c2182 _d2182 |
||
| 100 | _aSturm, Fletcher J. | ||
| 245 | 1 | 0 |
_aTrading natural gas : _bcash futures options and swaps / _cFletcher J. Sturm. |
| 246 | 3 | 0 | _aNatural gas |
| 246 | 3 | 0 | _aNon technical guide |
| 260 |
_aTulsa, Okla. : _bPennWell Books,1997 _c1997. |
||
| 300 |
_ax, 206 p. : _bill. ; _c24 cm. |
||
| 440 | 0 | _aPennWell nontechnical series | |
| 500 | _aIncludes index. | ||
| 650 | 0 |
_aGas industry _xFinance. |
|
| 650 | 0 | _aCommodity exchanges. | |
| 650 | 0 | _aFutures market. | |
| 650 | 0 | _aOptions (Finance) | |
| 650 | 0 | _aSwaps (Finance) | |
| 942 |
_cBB _k332.64St971 |
||
| 999 |
_c2182 _d2182 |
||